[Event "Olympiad Women 2024"]
[Site "Budapest HUN"]
[Date "2024.09.15"]
[Round "5.65"]
[Board "1"]
[White "Marcos, Taqesyah"]
[Black "Lyons, Kieran"]
[Result "0-1"]
[WhiteElo "1679"]
[BlackElo "1818"]
[PlyCount "82"]
[EventDate "2024.09.11"]
[WhiteTeam "Netherlands Antilles"]
[BlackTeam "Fiji"]
[WhiteTeamCountry "AHO"]
[BlackTeamCountry "FIJ"]

1. d4 f5 2. e3 Nf6 3. Nf3 e6 4. c4 b6 5. Be2 Bb7 ({RR} 5... Bb4+ 6. Bd2 a5 7. a3 Be7 8. O-O Bb7 9. Nc3 Ne4 10. Ne5 Nxd2 11. Qxd2 O-O 12. Bf3 Qc8 13. d5 Bf6 14. Nd3 a4 15. e4 Bxc3 16. Qxc3 fxe4 17. Bxe4 Na6 18. Rae1 exd5 19. cxd5 Qd8 20. Qc4 {0-1 Anton Guijarro,D (2669)-Kamsky,G (2609) Titled Tue 13th Aug Early 2024 (8)}) 6. Nbd2 Bb4 ({RR} 6... Be7 7. O-O O-O 8. b3 d6 9. Bb2 Nbd7 10. Ng5 Qc8 11. Nxe6 Re8 12. d5 Nf8 13. Nd4 c6 14. dxc6 Bxc6 15. Nxc6 Qxc6 16. Bf3 Ne4 17. Qc2 Rad8 18. Nxe4 fxe4 19. Bxe4 Qc7 20. Bd5+ Kh8 21. Qf5 {1-0 Kostic,I (1701)-Foldesi,J (1556) LJ Slovakia Open 2024 (6.49)}) 7. a3 $146 ({RR} 7. O-O O-O 8. Nb3 Be7 9. Ne5 d6 10. Nd3 c5 11. Nf4 Qc8 12. d5 e5 13. Ne6 Re8 14. f4 e4 15. g4 fxg4 16. Nd2 b5 17. b3 Bxd5 18. cxd5 Nxd5 19. Bxg4 Nxe3 20. Qe2 Nxg4 21. Qxg4 Bf6 {1-0 Stoyanov,P (2263)-Tereick,B (2181) NRW Class1 0506 2005 (4.2)}) ({RR} 7. O-O a5 8. a3 Be7 9. b3 O-O 10. Bb2 Ne4 11. Nxe4 fxe4 12. Nd2 d5 13. f3 Bg5 14. f4 Be7 15. Bg4 Bc8 16. Qc2 c6 17. Bc3 Na6 18. Qb2 b5 19. cxb5 cxb5 20. b4 a4 21. Rac1 Nc7 {0-1 Tozer,R (2312)-Pert,N (2460) Politiken Cup 24th 2002 (8)}) 7... Bxd2+ 8. Bxd2 O-O 9. O-O d6 10. b4 Ne4 11. Qb3 Qf6 12. Rac1 Qg6 13. Bc3 c5 14. d5 e5 15. Nd2 Bc8 16. f4 exf4 17. exf4 Nd7 18. Qd1 Ndf6 19. Nf3 Qh6 20. Nd2 g5 21. Bxf6 Rxf6 22. Nxe4 fxe4 23. Bg4 Qh4 24. Bxc8 Rxc8 25. fxg5 Rxf1+ 26. Qxf1 Qxg5 27. Re1 Re8 28. Qe2 e3 29. h3 Kg7 30. Rf1 Rf8 31. Rxf8 Kxf8 32. b5 Kf7 33. Qf3+ Kg7 34. Qe2 Kg6 35. Qd3+ Kg7 36. Qe2 h5 37. Qb2+ Kg6 38. Qe2 Kf5 39. Qd3+ Ke5 40. Qe2 Ke4 41. Qf3+ Kd3 0-1

[Event "Olympiad Women 2024"]
[Site "Budapest HUN"]
[Date "2024.09.15"]
[Round "5.65"]
[Board "2"]
[White "Terubea, Cydel"]
[Black "Pourier, Dianthely"]
[Result "1/2-1/2"]
[WhiteElo "1681"]
[BlackElo "1548"]
[PlyCount "136"]
[EventDate "2024.09.11"]
[WhiteTeam "Fiji"]
[BlackTeam "Netherlands Antilles"]
[WhiteTeamCountry "FIJ"]
[BlackTeamCountry "AHO"]

1. e4 c6 2. Nf3 d5 3. exd5 cxd5 4. d4 a6 5. c3 ({RR} 5. h3 Nc6 6. Bd3 g6 7. O-O Bf5 8. Bxf5 gxf5 9. c3 e6 10. Re1 Bd6 11. Nbd2 Nge7 12. Nb3 Qc7 13. Nc5 O-O-O 14. b4 Rhg8 15. a4 Rg7 16. b5 Nb8 17. bxa6 Nxa6 18. Nxa6 bxa6 19. Qd3 Rdg8 {0-1 Sanal,V (2572)-Mamedyarov,S (2770) Titled Arena Apr 3rd blitz 2021}) 5... Nf6 ({RR} 5... e6 6. Bd3 Nf6 7. Bg5 Be7 8. Qc2 Nbd7 9. O-O b5 10. Nbd2 Bb7 11. Nb3 Rc8 12. a3 Nf8 13. Rfe1 Ng6 14. h3 Qc7 15. Qd2 h6 16. Bxf6 Bxf6 17. Bxg6 fxg6 18. Rxe6+ Kf7 19. Rae1 Rhe8 20. Nc5 {0-1 Roth,W (1780)-Schumacher,U (1678) 12th Int Senioren-Cup 2024 (3.83)}) 6. Bf4 Bg4 $146 ({RR} 6... Qb6 7. Qc2 g6 8. Bd3 Bg7 9. Nbd2 Bg4 10. Ne5 Qe6 11. h3 Bf5 12. Ndf3 Bxd3 13. Qxd3 Qb6 14. O-O Nbd7 15. Rfe1 Rd8 16. Qe2 e6 17. a4 O-O 18. a5 Qa7 19. Ng5 Nxe5 20. Bxe5 Nh5 21. Bc7 {1-0 Rametta,M (1741)-Mileo,M (1602) St Eufemia d'Aspromonte op-B 4th 2011 (6)}) 7. Be2 e6 8. h3 Bxf3 9. Bxf3 Bd6 10. Qd2 Nc6 11. O-O Ne4 12. Qe3 Bxf4 13. Qxf4 Nd6 14. Re1 O-O 15. Nd2 Re8 16. Re2 b5 17. Rae1 Ra7 18. Bxd5 g5 19. Qf3 exd5 20. Qxd5 Rxe2 21. Rxe2 Rc7 22. Nf3 h6 23. Nh2 Ne7 24. Qf3 Nef5 25. Qh5 Re7 26. Rxe7 Qxe7 27. Ng4 Kh7 28. Ne5 Ng7 29. Qf3 Nge8 30. Qd3+ Kg8 31. Qf3 f6 32. Qd5+ Nf7 33. Qxf7+ Qxf7 34. Nxf7 Kxf7 35. f3 Ke6 36. Kf2 Nd6 37. b3 a5 38. g4 b4 39. c4 a4 40. Ke3 axb3 41. axb3 Nb7 42. Kd3 Kd6 43. Kd2 Nd8 44. Kd3 Ne6 45. Ke4 Nf4 46. Ke3 Nxh3 47. Ke4 Nf4 48. Ke3 h5 49. gxh5 Nxh5 50. Ke4 Ng3+ 51. Ke3 f5 52. Kd3 Nh5 53. Ke2 g4 54. fxg4 fxg4 55. Kf2 Nf4 56. Kg3 Ne2+ 57. Kxg4 Nxd4 58. Kf4 Nxb3 59. Ke3 Kc5 60. Kd3 Nc1+ 61. Kc2 Ne2 62. Kb3 Nd4+ 63. Ka2 b3+ 64. Ka3 Kxc4 65. Kb2 Ne2 66. Kb1 Kc3 67. Ka1 b2+ 68. Kb1 Nc1 1/2-1/2

[Event "Olympiad Women 2024"]
[Site "Budapest HUN"]
[Date "2024.09.15"]
[Round "5.65"]
[Board "3"]
[White "Pieter, Liana"]
[Black "Prasad, Tanvi"]
[Result "0-1"]
[WhiteElo "1619"]
[BlackElo "1564"]
[PlyCount "102"]
[EventDate "2024.09.11"]
[WhiteTeam "Netherlands Antilles"]
[BlackTeam "Fiji"]
[WhiteTeamCountry "AHO"]
[BlackTeamCountry "FIJ"]

1. d4 b6 2. e4 Bb7 3. Bd3 e6 4. Bf4 Nf6 5. Nd2 c5 ({RR} 5... Bb4 6. c3 Be7 7. Ngf3 O-O 8. h3 d6 9. O-O Nbd7 10. Qc2 g6 11. Rae1 a5 12. e5 Nh5 13. Bh2 Ba6 14. c4 Ng7 15. Ne4 d5 16. cxd5 Bxd3 17. Qxd3 exd5 18. Nc3 c6 19. Ne2 Bb4 20. Rc1 {0-1 Reyes Zavaleta,D (1859)-Munoz Hoyos,K (1596) 17th American Cont Rapid 2024 (2.109)}) 6. c3 cxd4 7. cxd4 Bb4 8. Ngf3 $146 ({RR} 8. f3 Nh5 9. Be3 Qh4+ 10. g3 Qe7 11. e5 f5 12. Nh3 O-O 13. O-O h6 14. f4 g6 15. Be2 Ng7 16. Nf3 Qf7 17. a3 Be7 18. Rc1 Nc6 19. b4 Rfc8 20. Bc4 Nd8 21. Bd2 Ne8 22. Qe2 a5 {0-1 Ribeiro,R (1504)-Bernardo,D (1761) Madeira AEJ op 11th 2014 (5)}) 8... Nc6 9. Bg5 h6 10. Bxf6 Qxf6 11. e5 Qd8 12. O-O Bxd2 13. Qxd2 O-O 14. Rac1 Ne7 15. Be2 d6 16. Rfd1 Ng6 17. Qb4 Nf4 18. Qd2 dxe5 19. dxe5 Qxd2 20. Rxd2 Rad8 21. Rdc2 Be4 22. Kf1 Bxc2 23. Rxc2 Nxe2 24. Kxe2 Rc8 25. Rd2 Rfd8 26. Nd4 Rd5 27. Nf3 Rxd2+ 28. Kxd2 Rc5 29. b3 g5 30. g4 Kg7 31. a3 a5 32. b4 axb4 33. axb4 Rc4 34. Kd3 Rxb4 35. Kc2 Rxg4 36. Kd3 Rf4 37. Ke3 Rc4 38. Nd4 Rc5 39. f4 b5 40. Nf3 gxf4+ 41. Kxf4 b4 42. Nd2 Rc2 43. Ke3 Kg6 44. Kd3 Rc3+ 45. Ke4 b3 46. Nxb3 Rxb3 47. Kf4 Rb4+ 48. Ke3 Kf5 49. Kd3 Kxe5 50. Kc3 Rd4 51. h4 f5 0-1

[Event "Olympiad Women 2024"]
[Site "Budapest HUN"]
[Date "2024.09.15"]
[Round "5.66"]
[Board "1"]
[White "Ahmed, Najla"]
[Black "Shipindo, Rauha"]
[Result "1-0"]
[WhiteElo "1539"]
[BlackElo "1677"]
[PlyCount "119"]
[EventDate "2024.09.11"]
[WhiteTeam "Bahrain"]
[BlackTeam "Namibia"]
[WhiteTeamCountry "BHN"]
[BlackTeamCountry "NAM"]

1. e4 e5 2. Bc4 Bc5 3. Nf3 Nc6 4. c3 Nf6 5. d3 d6 6. h3 h6 7. O-O O-O 8. Nbd2 Be6 9. Bb5 ({RR} 9. b4 Bb6 10. Bxe6 fxe6 11. Nc4 Ne7 12. Qb3 Qd7 13. a4 c6 14. Nxb6 axb6 15. Be3 Nh5 16. Nd2 Rf6 17. Nc4 Raf8 18. Nxb6 Qd8 19. a5 Ng6 20. Qd1 Ngf4 21. Kh2 Nxg2 22. Kxg2 Rg6+ 23. Kh2 Qh4 {1-0 Pruijssers,R (2514)-Sammed Jaykumar,S (2375) Mumbai Mayors Cup 11th 2018 (8)}) 9... Ne7 ({RR} 9... Bd7 10. Ba4 Re8 11. Re1 a6 12. Nf1 b5 13. Bc2 Qb8 14. d4 Bb6 15. Ng3 exd4 16. cxd4 Qa7 17. Be3 Nb4 18. Bb1 Nc6 19. a3 Rac8 20. b4 Ne7 21. Qd2 Ng6 22. Bc2 c5 23. Red1 c4 24. Nh2 {1-0 Wang,Z-Teng,J (1152) Chinese Youth G16 2024 (10.9)}) 10. Ba4 Ng6 11. Bc2 $146 ({RR} 11. Re1 c6 12. Nf1 b5 13. Bc2 Qd7 14. d4 exd4 15. cxd4 Bb4 16. Bd2 Bxd2 17. Qxd2 Nh5 18. a4 Bxh3 19. gxh3 Qxh3 20. N3h2 Nh4 21. f3 Nxf3+ 22. Nxf3 Qxf3 23. Qg2 Qf6 24. e5 Qh4 25. Re4 Qe7 {1-0 Timagina,S (1368)-Haselsberger,R (1259) EU Union-ch U12 19th 2022 (6)}) 11... Nh7 12. d4 Bb6 13. Re1 Ng5 14. Nxg5 Qxg5 15. Nf3 Qe7 16. Be3 Rad8 17. a4 a5 18. d5 Bxe3 19. fxe3 Bd7 20. Qe2 c6 21. c4 cxd5 22. cxd5 Rc8 23. Bd3 Rc5 24. Qd2 Rfc8 25. b4 axb4 26. Qxb4 Rc3 27. Ra3 R3c7 28. Kh1 Nh4 29. Nd2 Qg5 30. Re2 Rc1+ 31. Kh2 Re1 32. Rf2 Qxe3 33. Rf1 Rxf1 34. Bxf1 Qf4+ 35. Rg3 Rc2 36. Qxb7 Bxh3 37. Kxh3 Rxd2 38. Qc8+ Kh7 39. Qd8 Ng6 40. Rf3 Qxe4 41. Rxf7 Nf4+ 42. Rxf4 Qxf4 43. Qa5 Rd4 44. Qe1 Re4 45. Bd3 Qg4+ 46. Kh2 Qf4+ 47. Kh1 Qg5 48. Qxe4+ g6 49. Qxg6+ Qxg6 50. Bxg6+ Kxg6 51. a5 e4 52. a6 e3 53. Kg1 Kf5 54. a7 Ke4 55. a8=Q Kd3 56. Kf1 Kd4 57. Ke2 Ke4 58. Qe8+ Kxd5 59. Qxe3 h5 60. Qg5+ 1-0

[Event "Olympiad Women 2024"]
[Site "Budapest HUN"]
[Date "2024.09.15"]
[Round "5.66"]
[Board "2"]
[White "Nepando, Jolly"]
[Black "Almusawi, Maram"]
[Result "1-0"]
[WhiteElo "1642"]
[BlackElo "1510"]
[PlyCount "73"]
[EventDate "2024.09.11"]
[WhiteTeam "Namibia"]
[BlackTeam "Bahrain"]
[WhiteTeamCountry "NAM"]
[BlackTeamCountry "BHN"]

1. e4 d5 2. exd5 Qxd5 3. Nc3 Qa5 4. Nf3 Nf6 5. d3 c6 6. Bd2 Qc7 7. Be2 Bf5 8. Nh4 Bg6 9. Nxg6 hxg6 10. g3 e6 11. Ne4 $146 ({RR} 11. Bf3 Bd6 12. Bg2 Nbd7 13. Qe2 a6 14. a3 Ne5 15. Ne4 Nxe4 16. dxe4 Rh7 17. f4 Nd7 18. e5 Be7 19. b4 f6 20. exf6 gxf6 21. Qxe6 Nf8 22. Qe2 O-O-O 23. O-O-O Qb6 24. c4 Qd4 25. Kc2 f5 {1-0 Ortiz Lopera,M (1346)-Alzate Henao,C (1024) Antioquia op 2020 (6)}) 11... Nxe4 12. dxe4 Nd7 13. Bd3 Bc5 14. Qe2 Qb6 15. Bc3 Nf6 16. a3 Bd4 17. Bxd4 Qxd4 18. c3 Qb6 19. O-O-O O-O-O 20. Bc2 Rxd1+ 21. Bxd1 Nd7 22. Bc2 Ne5 23. f4 Nd7 24. Rd1 Rd8 25. f5 gxf5 26. exf5 e5 27. Qg4 Qe3+ 28. Kb1 Qh6 29. h4 f6 30. Bb3 Kc7 31. Be6 Nb6 32. Rxd8 Kxd8 33. Qb4 g6 34. Qd6+ Ke8 35. Qb8+ Ke7 36. Qxb7+ Kd8 37. Qb8+ 1-0

[Event "Olympiad Women 2024"]
[Site "Budapest HUN"]
[Date "2024.09.15"]
[Round "5.66"]
[Board "3"]
[White "Yaqoob, Wafa"]
[Black "Van Wyk, Keisha C"]
[Result "1-0"]
[WhiteElo "1438"]
[BlackElo "1599"]
[PlyCount "71"]
[EventDate "2024.09.11"]
[WhiteTeam "Bahrain"]
[BlackTeam "Namibia"]
[WhiteTeamCountry "BHN"]
[BlackTeamCountry "NAM"]

1. e4 c5 2. d4 cxd4 3. c3 g6 4. Nf3 Nc6 5. Bc4 Bg7 6. cxd4 e6 ({RR} 6... d6 7. h3 Nf6 8. Nc3 O-O 9. O-O Nxe4 10. Nxe4 d5 11. Bd3 dxe4 12. Bxe4 Nxd4 13. Nxd4 Qxd4 14. Qxd4 Bxd4 15. Bh6 Rd8 16. Rfd1 f5 17. Be3 e5 18. Bf3 Be6 19. Bxb7 Rab8 20. Bf3 Rxb2 21. Rac1 {1-0 Jusup,M (2238)-Sethuraman,S (2381) Titled Tue 13th Feb Late 2024 (3)}) 7. Nc3 Qb6 8. Nb5 $146 ({RR} 8. O-O Nge7 9. Bf4 a6 10. d5 {½-½ Dull,A (1849)-Pomar,M (2056) Florianopolis-ch 64th 2016 (9)}) 8... Na5 9. Bd3 a6 10. Nc3 Ne7 11. O-O O-O 12. e5 Nac6 13. Bc2 Nb4 14. Bb3 d6 15. Bf4 d5 16. Qd2 Nbc6 17. Rac1 Nf5 18. Rfd1 Bd7 19. Na4 Qd8 20. Nc5 Rb8 21. h3 Qe7 22. g4 Nh4 23. Nxh4 Qxh4 24. Nxd7 Qxh3 25. Qe2 h5 26. Rc3 Qh4 27. Bg3 Qg5 28. f4 Qd8 29. Nxb8 Nxb8 30. gxh5 Nc6 31. Qh2 g5 32. h6 Kh7 33. hxg7+ Kxg7 34. Qh5 gxf4 35. Bxf4 Rg8 36. Qh6# 1-0

[Event "Olympiad Women 2024"]
[Site "Budapest HUN"]
[Date "2024.09.15"]
[Round "5.67"]
[Board "1"]
[White "Kovacova, Zuzana"]
[Black "Ebrahim, Zahabiyah"]
[Result "0-1"]
[WhiteElo "2020"]
[BlackElo "1475"]
[PlyCount "52"]
[EventDate "2024.09.11"]
[WhiteTeam "Bermuda"]
[BlackTeam "Tanzania"]
[WhiteTeamCountry "BER"]
[BlackTeamCountry "TAN"]

1. e4 c6 2. d4 d5 3. Nc3 dxe4 4. Nxe4 Nf6 5. Nxf6+ exf6 6. c3 Bd6 7. Bd3 O-O 8. Ne2 Re8 9. Qc2 g6 10. Be3 Be6 ({RR} 10... Nd7 11. O-O Qc7 12. g3 Nf8 13. Rfe1 Bg4 14. Qd2 Ne6 15. Kg2 Qd7 16. Nf4 Ng5 17. h4 Bf3+ {0-1 Belozerov,A (2528)-Jobava,B (2627) Wch Blitz St Petersburg 2018 (1)}) 11. h4 f5 12. Bg5 $146 ({RR} 12. h5 Qf6 13. O-O-O Bxa2 14. hxg6 fxg6 15. Qd2 Bf7 16. Rdg1 Nd7 17. g4 fxg4 18. Rxg4 Qe6 19. Rgh4 Nf8 20. Bh6 Nd7 21. Ng3 Qa2 22. Bb1 Qc4 23. Bf4 Bxf4 24. Qxf4 Nf8 25. Ne4 Re7 26. Nd6 Qe6 {1-0 Wojtaszek,R (2736)-Drozdzynski,D (1946) EU-ch blitz Katowice 2017 (2)}) ({RR} 12. h5 Qf6 13. hxg6 fxg6 14. g3 Bd5 15. Rh6 Bxg3 16. O-O-O Bd6 17. Bxf5 Bf8 18. Rxg6+ hxg6 19. Bxg6 Nd7 20. Rg1 Bg7 21. Nf4 Kf8 22. Bxe8 Rxe8 23. Nh5 Qf3 24. Qg6 Rxe3 25. Qxg7+ Ke8 26. fxe3 Qxh5 {½-½ Sulejmanova,A (2139)-Follana Albelda,L (1954) 24th ch-EUR Indiv w 2024 (2.65)}) ({RR} 12. O-O-O b5 13. g4 fxg4 14. h5 Qf6 15. hxg6 fxg6 16. d5 Bxd5 17. Rh6 Rxe3 18. fxe3 Kg7 19. e4 Bf4+ 20. Kb1 Bxa2+ 21. Kxa2 Bxh6 22. Nd4 Qf7+ 23. Kb1 Bf4 24. Rf1 g5 25. e5 c5 26. Nf5+ Kf8 {1-0 Mais,M (1950)-Dittmar,T (1905) Mittelfranken-ch HT 53rd 2004 (5)}) 12... Qc7 13. Bd2 Bd5 14. O-O-O Bxg2 15. Rhg1 Be4 16. Ng3 Bxg3 17. Rxg3 Nd7 18. Bg5 Re6 19. Qb3 Bxd3 20. Rgxd3 Rae8 21. Re3 Rxe3 22. fxe3 Qb6 23. Qc2 Kg7 24. Bf4 Nf6 25. Be5 Re6 26. Rg1 Rxe5 0-1

[Event "Olympiad Women 2024"]
[Site "Budapest HUN"]
[Date "2024.09.15"]
[Round "5.67"]
[Board "2"]
[White "Mahi R. Shah"]
[Black "Cancino, Shiela"]
[Result "1/2-1/2"]
[WhiteElo "1602"]
[BlackElo "1663"]
[PlyCount "72"]
[EventDate "2024.09.11"]
[WhiteTeam "Tanzania"]
[BlackTeam "Bermuda"]
[WhiteTeamCountry "TAN"]
[BlackTeamCountry "BER"]

1. d4 Nf6 2. c4 e6 3. Nf3 Bb4+ 4. Bd2 Bxd2+ 5. Nbxd2 b6 6. g3 Bb7 7. Bg2 O-O 8. O-O d6 9. Re1 Nbd7 10. e4 e5 11. d5 a5 ({RR} 11... a6 12. Qc2 Qe7 13. b4 Rfc8 14. a3 c6 15. Qb3 b5 16. cxb5 axb5 17. dxc6 Rxc6 18. Qd3 Rb6 19. Rac1 Qd8 20. Rc3 Rc8 21. Rec1 Rbc6 22. Rxc6 Rxc6 23. Rxc6 Bxc6 24. Qxd6 Bxe4 25. Nxe4 Nxe4 26. Qd3 {1-0 Montano Vicente,G (1690)-Arnold,K Titled Tue 20th Feb Late 2024 (7)}) 12. b3 $146 ({RR} 12. Nh4 Nc5 13. Re3 g6 14. Nb3 Qe7 15. Nxc5 bxc5 16. Nf3 Rfb8 17. Nd2 Bc8 18. Qc2 Bd7 19. Rae1 Rb4 20. f4 Ng4 21. R3e2 exf4 22. gxf4 Qf6 23. b3 Qxf4 24. Bh3 Ne5 25. Bxd7 Nxd7 26. Rf2 Qg5+ {0-1 Hoang,T (2238)-Nguyen T Thuan,H VIE-ch (Women) 1994 (8)}) ({RR} 12. Nb1 Ne8 13. Nc3 g6 14. Nh4 Ng7 15. Bh3 Bc8 16. Qc2 Nf6 17. Bxc8 Rxc8 18. Ng2 Nd7 19. f4 f5 20. Rf1 Qe7 21. Rae1 Rce8 22. Nb5 Nc5 23. exf5 gxf5 24. b3 Qd7 25. Re2 e4 26. Qc3 Rf7 {1-0 Civin,T (2235)-Fajman,P (2330) CZE-chT2 9697 1996}) 12... Nc5 13. Qc2 Qd7 14. Ng5 h6 15. Nh3 Nh7 16. f4 exf4 17. Nxf4 f6 18. Bh3 Qf7 19. Ne6 Rfe8 20. Nxc5 bxc5 21. Be6 Rxe6 22. dxe6 Qxe6 23. Nf3 Re8 24. Re3 Ng5 25. Nxg5 fxg5 26. Rae1 Rf8 27. Qc3 Qg4 28. Qd2 Re8 29. Qe2 Qe6 30. Qd2 Qg4 31. Qxa5 Rxe4 32. Rxe4 Bxe4 33. Qxc7 Qf3 34. Qd8+ Kh7 35. Rxe4 Qxe4 36. Qxd6 Qe1+ 1/2-1/2

[Event "Olympiad Women 2024"]
[Site "Budapest HUN"]
[Date "2024.09.15"]
[Round "5.68"]
[Board "1"]
[White "Swaminathan, Laia"]
[Black "Bouzana, Christina"]
[Result "1-0"]
[WhiteElo "1620"]
[BlackElo "1644"]
[PlyCount "81"]
[EventDate "2024.09.11"]
[WhiteTeam "Cayman Islands"]
[BlackTeam "Cyprus"]
[WhiteTeamCountry "CAY"]
[BlackTeamCountry "CYP"]

1. d4 Nf6 2. Nf3 e6 3. c4 Bb4+ 4. Bd2 Qe7 5. a3 Bxd2+ 6. Nbxd2 d6 7. e3 O-O 8. Bd3 e5 9. Qc2 Re8 10. dxe5 dxe5 11. Be2 Nbd7 $146 ({RR} 11... a5 12. O-O b6 13. Rfd1 Bb7 14. Rac1 Na6 15. Nf1 Be4 16. Qc3 a4 17. N3d2 Bc6 18. Ng3 Nc5 19. f3 Red8 20. e4 g6 21. Qe3 Ne6 22. Nb1 Nd7 23. Nc3 Ndc5 24. Bf1 Nb3 25. Rb1 Rd4 26. Nd5 {0-1 Acuna Alarcon,C (1546)-Maravi,J (1740) ch-PER 2023 Lima PER (5.26)}) 12. O-O b6 13. Rfd1 Bb7 14. Nf1 a5 15. Ng3 g6 16. Nd2 a4 17. Bf3 Bxf3 18. Nxf3 Nc5 19. Nd2 Nfd7 20. Ne2 Red8 21. Nc3 c6 22. Na2 Nf6 23. Nb4 Qc7 24. Nf3 Nb3 25. Rab1 Re8 26. Nd2 Nc5 27. h3 Re6 28. Nf3 h6 29. Re1 Qe7 30. Rbd1 Nfe4 31. Nxe5 Rxe5 32. Nxc6 Qc7 33. Nxe5 Qxe5 34. Rd5 Qe7 35. Red1 Re8 36. Qe2 Nf6 37. Rd6 Nfd7 38. Qf3 Ne5 39. Qd5 Qc7 40. f4 Ned7 41. Rxg6+ 1-0

[Event "Olympiad Women 2024"]
[Site "Budapest HUN"]
[Date "2024.09.15"]
[Round "5.68"]
[Board "2"]
[White "Sokolova, Larisa"]
[Black "Majid, Zara"]
[Result "1/2-1/2"]
[WhiteElo "1705"]
[BlackElo "1411"]
[PlyCount "96"]
[EventDate "2024.09.11"]
[WhiteTeam "Cyprus"]
[BlackTeam "Cayman Islands"]
[WhiteTeamCountry "CYP"]
[BlackTeamCountry "CAY"]

1. e4 d6 2. Nc3 Nf6 3. d4 g6 4. Bc4 Bg7 5. Nge2 O-O 6. O-O Nxe4 7. Nxe4 d5 8. Bd3 dxe4 9. Bxe4 c6 ({RR} 9... Nd7 10. Bg5 h6 11. Be3 e5 12. Qd2 Nf6 13. Bd3 e4 14. Bc4 Ng4 15. Bf4 g5 16. Bg3 Re8 17. h3 Nf6 18. Rad1 Nd5 19. Nc3 c6 20. Rfe1 Bf5 21. Bxd5 cxd5 22. Nb5 Re7 23. h4 f6 24. c4 {1-0 Wang,L (2128)-Stojanovski,S (2169) Titled Tue 11th Jun Late 2024 (10)}) 10. c3 Nd7 11. Bg5 $146 ({RR} 11. Be3 e5 12. Qc2 Kh8 13. dxe5 Nxe5 14. f4 Ng4 15. Bf2 Nxf2 16. Rxf2 f5 17. Bf3 Be6 18. Rd1 {½-½ Krueger,G (1815)-Piske,T (1890) Mecklenburg VP LL 9495 1994}) ({RR} 11. f4 Nf6 12. Bc2 Be6 13. Ng3 Qb6 14. Qe2 Rfe8 15. Kh1 c5 16. f5 Bd7 17. dxc5 Qxc5 18. Be3 Qe5 19. Qd2 Bc6 20. Bd4 Qd6 21. Bb3 Bd5 22. fxg6 hxg6 23. Bxf6 Bxb3 24. Qxd6 exd6 25. axb3 Bxf6 {1-0 Santos,L-Kong,V Olympiad-20 Preliminaries E 1972 (1)}) 11... h6 12. Be3 Nf6 13. Bc2 Nd5 14. Nf4 Nxe3 15. fxe3 e5 16. Nd3 Qg5 17. Qf3 Be6 18. Nc5 exd4 19. exd4 Bd5 20. Ne4 Qe7 21. Qd3 b5 22. b3 Qxe4 23. Qxe4 Bxe4 24. Bxe4 Rac8 25. Rac1 Rfe8 26. Bf3 b4 27. Rfd1 Red8 28. Kf1 bxc3 29. Rxc3 Rxd4 30. Rxd4 Bxd4 31. Rxc6 Rxc6 32. Bxc6 Bc5 33. Ke2 Bb4 34. Kd3 Kf8 35. Kc4 a5 36. Kb5 Ke7 37. a3 Bxa3 38. Kxa5 Bd6 39. h3 f5 40. b4 g5 41. Bf3 Kf6 42. b5 Ke5 43. b6 Kf4 44. b7 g4 45. hxg4 fxg4 46. Bc6 h5 47. Kb6 Bb8 48. Kc5 g3 1/2-1/2

[Event "Olympiad Women 2024"]
[Site "Budapest HUN"]
[Date "2024.09.15"]
[Round "5.68"]
[Board "3"]
[White "Patil, Anvita Niranjan"]
[Black "Paunescu, Aida"]
[Result "0-1"]
[WhiteElo "1589"]
[BlackElo "1603"]
[PlyCount "106"]
[EventDate "2024.09.11"]
[WhiteTeam "Cayman Islands"]
[BlackTeam "Cyprus"]
[WhiteTeamCountry "CAY"]
[BlackTeamCountry "CYP"]

1. e4 c6 2. d4 d5 3. exd5 cxd5 4. c3 Nc6 5. Nf3 Nf6 6. Bf4 Bf5 7. Nbd2 e6 8. Bb5 ({RR} 8. Nh4 Be4 9. Nxe4 Nxe4 10. Nf3 Bd6 11. Bxd6 Qxd6 12. Bd3 O-O 13. O-O a6 14. Qe2 f5 15. Rfe1 Rae8 16. a4 Re7 17. Rac1 Rd8 18. b4 Rc7 19. b5 axb5 20. Bxb5 Ne7 21. c4 dxc4 22. Rxc4 Nd5 {0-1 Kramnik,V (2812)-Topalov,V (2761) Paris GCT blitz 2016 (11)}) 8... Bd6 9. Bg3 O-O 10. O-O Rc8 $146 ({RR} 10... a6 11. Ba4 h6 12. Bc2 Bxc2 13. Qxc2 Rc8 14. Qd3 Bxg3 15. hxg3 Qc7 16. Rfe1 b5 17. a4 Qb7 18. b4 Ne7 19. Nb3 Ra8 20. Nc5 Qc7 21. Ne5 Nf5 22. g4 Nd6 23. g5 hxg5 24. Re3 g4 25. f3 {0-1 Kuznetsova,O (2142)-Hamidov,A (2247) Titled Tue 3rd Sep Early 2024 (3)}) ({RR} 10... Bxg3 11. hxg3 Rc8 12. Re1 a6 13. Bxc6 Rxc6 14. Ne5 Rc7 15. g4 Bg6 16. g5 Nd7 17. Nxd7 Rxd7 18. Qg4 b5 19. a3 a5 20. Nf3 Rd6 21. b4 axb4 22. axb4 Rc6 23. Re3 Qc7 24. Ra3 Rc8 25. Ne5 {1-0 Kamsky,G (2665)-Ronka,E (2303) Titled Tuesday intern op 25th May blitz 2021 (2)}) 11. Re1 a6 12. Ba4 Na5 13. Rc1 Nc4 14. Nxc4 Rxc4 15. Bc2 Bxc2 16. Qxc2 Ne4 17. Bxd6 Qxd6 18. Ne5 Rc7 19. f3 Nf6 20. Kh1 Rfc8 21. Nd3 Nd7 22. Qb3 h6 23. Qb4 Qf8 24. g3 b6 25. Qxf8+ Kxf8 26. Kg2 Nb8 27. Kf2 Nc6 28. Ne5 Nxd4 29. Nd7+ Rxd7 30. cxd4 Rdc7 31. Rxc7 Rxc7 32. Re3 Rc4 33. Rd3 Rc2+ 34. Ke3 Rxb2 35. Rd2 Rxd2 36. Kxd2 Ke7 37. Kc3 Kd6 38. a4 f6 39. Kb4 e5 40. dxe5+ Kxe5 41. Kc3 d4+ 42. Kd3 Kd5 43. h4 b5 44. axb5 axb5 45. g4 b4 46. Kc2 Kc4 47. f4 b3+ 48. Kd2 d3 49. Kc1 Kc3 50. g5 b2+ 51. Kb1 d2 52. gxh6 d1=Q+ 53. Ka2 Qa1# 0-1

[Event "Olympiad Women 2024"]
[Site "Budapest HUN"]
[Date "2024.09.15"]
[Round "5.69"]
[Board "1"]
[White "Hamadeh, Sally"]
[Black "Yavo Tchetche, Marie"]
[Result "0-1"]
[WhiteElo "1557"]
[BlackElo "1686"]
[PlyCount "82"]
[EventDate "2024.09.11"]
[WhiteTeam "Lebanon"]
[BlackTeam "Cote d’Ivoire"]
[WhiteTeamCountry "LBN"]

1. e4 e6 2. Nf3 c5 3. d4 cxd4 4. Nxd4 Nf6 5. Nc3 Bb4 6. Bd3 h6 ({RR} 6... d6 7. O-O O-O 8. Bg5 Nbd7 9. Kh1 h6 10. Bh4 Ne5 11. f4 Ng6 12. Bg3 e5 13. fxe5 dxe5 14. Nf5 Bxc3 15. bxc3 Be6 16. Qf3 Nd7 17. Bf2 Rc8 18. c4 b6 19. Rad1 Qc7 20. Be3 Nc5 21. Qh5 {0-1 Muzychuk,M (2529)-Muzychuk,A (2545) Beijing Sportaccord Basque (Women) 2014 (3.12)}) 7. O-O Bxc3 ({RR} 7... Nc6 8. a3 Be7 9. Nxc6 bxc6 10. e5 Nd5 11. Nxd5 cxd5 12. f4 O-O 13. f5 exf5 14. Bxf5 d6 15. exd6 Qxd6 16. Kh1 Bb7 17. Be3 Rad8 18. Bd4 Kh8 19. Qf3 Bf6 20. Bxf6 Qxf6 21. Bd3 Qg5 22. Qf5 {0-1 Yingchuros,S (1241)-Jitsamlan,A (1180) THA-ch 45th Ayutthaya 2022 (7)}) 8. bxc3 d6 $146 ({RR} 8... O-O 9. Ba3 Re8 10. Nb5 Qa5 11. Bb4 Qb6 12. Nd6 Rd8 13. Rb1 a6 14. e5 Nd5 15. Qf3 Rf8 16. Nc4 Qd8 17. Bxf8 Qxf8 18. Be4 Nc6 19. Bxd5 exd5 20. Qxd5 b5 21. Nb6 Ra7 22. Nxc8 Qxc8 23. Rfe1 {½-½ Svendsen,T (1522)-Bjornstad,L (1471) Vadsosjakken op 2007 (4)}) ({RR} 8... Nc6 9. Nb5 O-O 10. Ba3 Re8 11. Nd6 Qa5 12. Nxe8 Nxe8 13. Bb2 b6 14. Qg4 d6 15. f4 e5 16. Qg3 exf4 17. Rxf4 Be6 18. Kh1 Ne5 19. a3 Rc8 20. Rff1 Kh7 21. Rad1 f6 22. h3 Qc5 23. Qf2 {0-1 Lajer,L-Kollarics,J HUN-chT2 Szechenyi 0405 2004 (4)}) 9. Ba3 a6 10. Kh1 e5 11. Ne2 O-O 12. c4 Be6 13. Nc3 Qc7 14. Qe2 Nbd7 15. Rfd1 Rfc8 16. Nd5 Bxd5 17. cxd5 b5 18. Qd2 Nc5 19. f3 Nfd7 20. Rab1 Na4 21. Bb2 Nxb2 22. Rxb2 Nc5 23. g3 Na4 24. Rb3 Nc3 25. Rg1 Nxa2 26. f4 f6 27. Be2 Qxc2 28. Rb2 Qxd2 29. Rxd2 Nc3 30. Bf3 Rc4 31. Re1 a5 32. Rc2 b4 33. Bd1 b3 34. Rb2 Nxd1 35. Rxd1 a4 36. Ra1 Rac8 37. Kg2 Rc2+ 38. Rxc2 Rxc2+ 39. Kf3 b2 40. Rb1 a3 41. Ke3 Rc1 0-1